00861nam a2200217 a 4500001001000000003000900010005001700019007000300036008004100039040002500080082001800105245008700123260007600210300002000286590002800306910000700334942001300341952015800354952011400512999001700626000031059DO-SdBNP20221019085723.0ta110613s1952 dr 000 0 spa d aDO-SdBNPbspacBNPHU 222axxxbR33700aReglamento orgánico de la confederación patronal de la República Dominicana. aCiudad Trujillo, República Dominicana :bImpresora Dominicana,c1952. a30 p. ;c23 cm. aInventariado, 2022 / DG aDG 2ddccLF2 00102ddc51708F- GR-RVaPDbPDcCTd2011-06-13oR337p31059-10r2020-06-25w2020-06-25yLF2zPerteneció a la biblioteca personal de Martínez Boog. 00102ddc51708DS-FaBNPHUbBNPHUcCTd2022-10-19l0oxxx R337p2022-4386r2022-10-19te.2w2022-10-19yLF2 c30551d30551